Territorios de comunicación : recorridos de investigación para abordar un campo heterogéneo /

Recuperación de los procesos de investigación en comunicación seguidos por un grupo de alumnos para culminar sus estudios de Doctorado en el campo, casi todos ellos estudiantes del programa de dicho grado en Comunicación Social de la Universidad Nacional de Rosario (UNR), Argentina. Cada uno de los...

Descripció completa

Guardat en:
Dades bibliogràfiques
Autor principal: Raimondo Anselmino, Natalia (ed.)
Altres autors: Reviglio, María Cecilia (edición) (edición)
Format: Llibre
Idioma:espanyol
Publicat: Quito, Ecuador : CIESPAL, 2013, c2013
Col·lecció:(Materiales de Trabajo ; 17)
Matèries:
Etiquetes: Afegir etiqueta
Sense etiquetes, Sigues el primer a etiquetar aquest registre!

MARC

LEADER 00000nam^a2200000^a^4500
001 000355607
005 20250521000000.0
009 20260310115208.206
020 |a 978-9978-55-104-2 
037 |a Acervo ITESO - Biblioteca 
041 |a ESP 
082 |a 302. 201  |b RAI 
100 |a Raimondo Anselmino, Natalia  |e (ed.) 
245 1 0 |a Territorios de comunicación :  |b recorridos de investigación para abordar un campo heterogéneo /  |c Ed. y pref. de N. Raimondo Anselmino, M.C. Reviglio. 
264 4 |a Quito, Ecuador :  |b CIESPAL,  |c 2013, c2013 
300 |a 238 p. 
336 |a texto  |b txt  |2 rdacontenido 
337 |a sin mediación  |b n  |2 rdamedio 
338 |a volumen  |b nc  |2 rdasoporte 
440 1 |a (Materiales de Trabajo ;  |v 17) 
520 |a Recuperación de los procesos de investigación en comunicación seguidos por un grupo de alumnos para culminar sus estudios de Doctorado en el campo, casi todos ellos estudiantes del programa de dicho grado en Comunicación Social de la Universidad Nacional de Rosario (UNR), Argentina. Cada uno de los autores expone la construcción de su problema de investigación, las elecciones teórico-metodológicas y los obstáculos que debió de sortear a lo largo del trabajo. Las reflexiones reunidas son las siguientes: 1) Tradiciones, límites y tensiones en las nuevas tramas en el estudio de la comunicación, por Susana Frutos; 2) Jóvenes, competencias discursivas y universidad: apostillas a una tesis doctoral, por María Cecilia Reviglio; 3) Un análisis sociosemiótico de la prensa online: investigar el presente en transición, por Natalia Raimondo Anselmino; 4) Análisis crítico del androcentrismo en el discurso informativo, por Florencia Laura Rovetto, alumna del Doctorado en Periodismo y Ciencias de la Información de la Universidad Autónoma de Barcelona (UAB), España ; 5) Humor, o la delimitación teórica de una práctica inasible, por Lautaro Cossia; 6) Al interior de una prisión: del secreto a la conducta en el umbral, por Mauricio Manchado; 7) Circuitos culturales y memorias sociales como entrada al problema de la rurbanidad, por Claudia Kenbel; 8) Los usos de textos impresos y digitales en la universidad: relato de un proceso, por Soledad Ayala; 9) De la explosión a la implosión socio-técnica: usos y apropiaciones de las TIC en ciberlocales, por Sebastián Ramiro Castro Rojas, y 10) Del trabajador al empleable: los espacios de oferts laborales en la prensa y sitios web, por Andrea Calamari. 
521 |a 2015 BO Maestría en Comunicación de la Ciencia y la Cultura 
649 |a XX 
650 |a Comunicación -  |x Investigación -  |x Tema Principal 
700 |a Reviglio, María Cecilia  |e (edición) 
910 |a Fondo General 
920 |a Impresos - Libros 
930 |a Colección General 
905 |a 101 
901 |a 0500248185  |b IT1  |c ACC  |i C146994  |u 20250521 
901 |a 0500248182  |b IT1  |c ACC  |i C146995  |u 20250521 
902 |a https://opac.biblio.iteso.mx/vufind/Record/000355607